00436nam a2200133Ia 4500008004100000041000800041082001500049100001600064245009600080260007500176300001100251650002000262650002000282210719s2008 xx 000 0 und d aeng a658.8 SAGS aSAGAR (P R) aStudy on consumer preference on policies of ICICI prudential life insurance company limited aMangalorebDepartment of Business Management St Aloysius Collegec2008 a60bHB aProject Reports aProject Reports